Teología de la comunicación
Saved in:
| Hovedforfatter: | |
|---|---|
| Format: | Bog |
| Sprog: | spansk |
| Udgivet: |
Madrid
B A C
1994
|
| Fag: | |
| Tags: |
Tilføj Tag
Ingen Tags, Vær først til at tagge denne postø!
|
MARC
| LEADER | 00000nam a2200000 a 4500 | ||
|---|---|---|---|
| 001 | UCU4838 | ||
| 003 | CL-VaPUC | ||
| 008 | 960524e19940000SP |||||||||||||||||spa|d | ||
| 082 | 0 | 4 | |a 261.52 |b MAR |2 21 |
| 100 | |a Martínez Díez, Felicísimo |e autor |9 595926 | ||
| 245 | 1 | 0 | |a Teología de la comunicación |
| 300 | |a 385 p | ||
| 942 | |c BK | ||
| 945 | |d 19960524 00:00:00 |a aalvarez | ||
| 260 | |a Madrid |b B A C |c 1994 | ||
| 600 | 0 | |a Iglesia católica |9 255129 | |
| 650 | 0 | |a Comunicación |9 257251 | |
| 650 | 0 | |a Teología |9 258766 | |
| 650 | 0 | |a Medios de comunicación de masas |9 257273 | |
| 583 | |a last modification |c 19960524 00:00:00 |k Rodrigo Vera | ||
| 999 | |c 248374 |d 248372 | ||
| 952 | |0 0 |1 0 |4 0 |6 261_520000000000000_MAR_1994 |7 0 |8 A |9 264970 |a BIBTEO |b BIBTEO |d 2019-11-19 |i 3198561 |o 261.52 MAR 1994 |p 3198561 |r 2025-01-17 |w 2019-11-19 |y BK |k ICR | ||